All Penguins - Statistics

General Stats
  • This quiz has been taken 6 times
  • The average score is 14 of 19
Answer Stats
Genus Species Answer % Correct
Pygoscelis adeliae Adélie Penguin
100%
Spheniscus demersus African Penguin
100%
Aptenodytes forsteri Emperor Penguin
100%
Spheniscus humboldti Humboldt Penguin
100%
Aptenodytes patagonicus King Penguin
100%
Eudyptula minor Little Penguin
100%
Eudyptes chrysocome Western Rockhopper Penguin
100%
Eudyptes filholi Eastern Rockhopper Penguin
83%
Spheniscus mendiculus Galápagos Penguin
83%
Eudyptes chrysolophus Macaroni Penguin
83%
Spheniscus magellanicus Magellanic Penguin
83%
Pygoscelis antarcticus Chinstrap Penguin
67%
Pygoscelis papua Gentoo Penguin
67%
Eudyptes moseleyi Northern Rockhopper Penguin
67%
Megadyptes antipodes Yellow-Eyed Penguin
67%
Eudyptes sclateri Erect-Crested Penguin
50%
Eudyptes schlegeli Royal Penguin
33%
Eudyptes robustus Snares Penguin
33%
Eudyptes pachyrhynchus Fiordland Penguin
17%
No matching quizzes found
Score Distribution
Percent of People with Each Score
Percentile by Number Answered
Your Score History
You have not taken this quiz